[Event "Guernsey International Holiday 2014"]
[Site "Guernsey, GCI"]
[Date "2014.10.20"]
[Round "2"]
[White "Day, Fred"]
[Black "Jongerius, Marc"]
[Result "1-0"]
[WhiteElo "1420"]
[BlackElo "1701"]
[PlyCount "87"]
[EventDate "2014.10.19"]
[EventType "swiss"]
[EventRounds "7"]
[SourceDate "2015.01.07"]

1. c4 e6 2. Nc3 Nf6 3. g3 d5 4. cxd5 exd5 5. d4 Bf5 6. Bg2 c6 7. Nf3 Nbd7 8.
O-O Bd6 9. Nh4 Bg6 10. f4 Be4 11. Nf3 Qe7 12. a3 h6 13. b4 b5 14. Nxe4 Nxe4 15.
Ne5 Bxe5 16. fxe5 f6 17. Qd3 Ng5 18. exf6 Nxf6 19. Rf5 Nf7 20. Bf3 O-O-O 21.
Bg2 g6 22. Rf1 Ne4 23. a4 a6 24. axb5 axb5 25. Bh3+ Kb7 26. Bg2 Ra8 27. Bf4
Qxb4 28. Rxa8 Rxa8 29. Bxe4 dxe4 30. Qxe4 g5 31. Rc1 Ra6 32. Be3 Qd6 33. Qf3
Qd5 34. Qf6 b4 35. Qe7+ Kb6 36. Qxb4+ Qb5 37. d5+ Kc7 38. Qe7+ Kb8 39. Qf8+ Kc7
40. Qxf7+ Kd6 41. Qe6+ Kc7 42. d6+ Kb8 43. d7 Kc7 44. Qe7 1-0

[Event "Guernsey International Holiday 2014"]
[Site "Guernsey, GCI"]
[Date "2014.10.20"]
[Round "2"]
[White "Cook, Chris RD"]
[Black "O'Connell, Denis"]
[Result "0-1"]
[WhiteElo "1765"]
[BlackElo "1628"]
[PlyCount "160"]
[EventDate "2014.10.19"]
[EventType "swiss"]
[EventRounds "7"]
[SourceDate "2015.01.07"]

1. c4 e5 2. g3 Nc6 3. Bg2 f5 4. e3 Nf6 5. Ne2 d5 6. cxd5 Nb4 7. Qb3 e4 8. O-O
Qxd5 9. Nbc3 Qxb3 10. axb3 c6 11. f3 exf3 12. Bxf3 Bd6 13. e4 fxe4 14. Nxe4
Nxe4 15. Bxe4 Be6 16. d4 Bxb3 17. Ra3 Bd5 18. Re3 O-O-O 19. Bf5+ Kb8 20. Nc3
Bc4 21. Rfe1 g6 22. Bb1 Nd5 23. Nxd5 Bxd5 24. Bd2 Rhf8 25. Be4 Bxe4 26. Rxe4
Rf7 27. Kg2 Kc7 28. R1e2 Rdd7 29. Bg5 Rf5 30. Bd2 Rdf7 31. Bc3 Rb5 32. Rc2 Kd7
33. Bd2 Rb3 34. Bg5 Rf5 35. Bh6 Rfb5 36. Ree2 Rd3 37. Bg7 Rf5 38. Bh8 Rf7 39.
Re4 Re7 40. Rg4 Rde3 41. Kf2 R3e4 42. Rg5 Rf7+ 43. Kg2 Re8 44. Be5 Bxe5 45.
dxe5 Ke6 46. Rd2 Rd7 47. Rf2 Rd5 48. h4 Re7 49. h5 Rxe5 50. Rxe5+ Kxe5 51. hxg6
hxg6 52. Kh3 Ke6 53. Kg4 Rf7 54. Rd2 Rf5 55. Re2+ Kd7 56. Rd2+ Rd5 57. Rf2 Ke7
58. Re2+ Kf6 59. Rf2+ Rf5 60. Rd2 Rb5 61. Rf2+ Kg7 62. Rd2 Kh6 63. Rh2+ Rh5 64.
Rd2 Rg5+ 65. Kf4 Rb5 66. Rh2+ Kg7 67. Rd2 a5 68. g4 Rb4+ 69. Kg5 Rb5+ 70. Kf4
g5+ 71. Ke4 Kf6 72. Rf2+ Ke6 73. Rg2 Rb4+ 74. Kd3 Kd5 75. Kc3 Rc4+ 76. Kd3 Rf4
77. Rg3 c5 78. Kc3 b5 79. Rd3+ Rd4 80. Rg3 c4 0-1

[Event "Guernsey International Holiday 2014"]
[Site "Guernsey, GCI"]
[Date "2014.10.20"]
[Round "2"]
[White "Livermore, Richard"]
[Black "Hoogakker, Peter"]
[Result "0-1"]
[WhiteElo "1619"]
[BlackElo "1757"]
[PlyCount "28"]
[EventDate "2014.10.19"]
[EventType "swiss"]
[EventRounds "7"]
[SourceDate "2015.01.07"]

1. d4 d6 2. c4 Nf6 3. Nc3 Nbd7 4. Nf3 e5 5. d5 h6 6. e4 Be7 7. Bd3 Nf8 8. h3
Bd7 9. O-O g5 10. g4 h5 11. Nxg5 hxg4 12. hxg4 Nxg4 13. Be2 Bxg5 14. Bxg4 Bxc1
0-1

[Event "Guernsey International Holiday 2014"]
[Site "Guernsey, GCI"]
[Date "2014.10.20"]
[Round "2"]
[White "Collins, Alan"]
[Black "Norman, Dinah M"]
[Result "1/2-1/2"]
[WhiteElo "1645"]
[BlackElo "1735"]
[PlyCount "33"]
[EventDate "2014.10.19"]
[EventType "swiss"]
[EventRounds "7"]
[SourceDate "2015.01.07"]

1. d4 d5 2. Nf3 Nf6 3. e3 g6 4. Bd3 Bg7 5. b3 O-O 6. Bb2 b6 7. Nbd2 Bb7 8. O-O
Nbd7 9. c4 e6 10. Rc1 c5 11. Qe2 a5 12. a4 Rc8 13. Rc2 Ne4 14. cxd5 exd5 15.
Bb5 Ndf6 16. Rfc1 Qe7 17. Ba3 1/2-1/2

[Event "Guernsey International Holiday 2014"]
[Site "Guernsey, GCI"]
[Date "2014.10.20"]
[Round "2"]
[White "Savident, David B"]
[Black "Kearsley, Raymond J"]
[Result "1-0"]
[WhiteElo "1734"]
[BlackElo "1638"]
[PlyCount "77"]
[EventDate "2014.10.19"]
[EventType "swiss"]
[EventRounds "7"]
[SourceDate "2015.01.07"]

1. e4 c5 2. Nf3 Nc6 3. Bb5 g6 4. d4 cxd4 5. Bxc6 bxc6 6. Qxd4 Nf6 7. e5 Nd5 8.
e6 f6 9. exd7+ Bxd7 10. O-O Bg7 11. Nc3 Nxc3 12. Qxc3 O-O 13. Be3 e5 14. Rfd1
Qc7 15. Bc5 Rfe8 16. h3 Be6 17. Nd2 Bd5 18. Qe3 f5 19. c4 Bf7 20. Rac1 e4 21.
Qa3 Red8 22. b3 Bh6 23. Be3 f4 24. Bc5 Qe5 25. Nf1 Rd3 26. Rxd3 exd3 27. f3 Rd8
28. Nd2 Qe2 29. Qa5 Re8 30. Bd4 Bf8 31. Rf1 c5 32. Bf2 Qe7 33. Re1 Qd7 34. Rxe8
Qxe8 35. Ne4 Kg7 36. Qc3+ Kh6 37. Bh4 Be7 38. Bxe7 Qxe7 39. Qxd3 $138 {1-0,
Time.} 1-0

[Event "Guernsey International Holiday 2014"]
[Site "Guernsey, GCI"]
[Date "2014.10.20"]
[Round "2"]
[White "Bennett, David"]
[Black "Kirk, Matthew"]
[Result "0-1"]
[WhiteElo "1360"]
[BlackElo "1726"]
[PlyCount "76"]
[EventDate "2014.10.19"]
[EventType "swiss"]
[EventRounds "7"]
[SourceDate "2015.01.07"]

1. Nf3 d5 2. d4 Nf6 3. Bf4 e6 4. a3 c5 5. Bxb8 Rxb8 6. Nbd2 cxd4 7. Nxd4 Bc5 8.
e3 O-O 9. Be2 e5 10. N4b3 Bb6 11. O-O Bf5 12. c4 Rc8 13. Rc1 a6 14. Nf3 Re8 15.
cxd5 Rxc1 16. Qxc1 Qxd5 17. Nbd2 e4 18. Ne1 Rc8 19. Qd1 Rd8 20. Qb3 Qxb3 21.
Nxb3 Be6 22. Nd4 Bxd4 23. exd4 Rxd4 24. Nc2 Rd2 25. Bd1 Bb3 26. Ne3 Rxb2 27.
Bxb3 Rxb3 28. Rd1 g6 29. a4 Kg7 30. h3 b5 31. axb5 axb5 32. Nc2 Rc3 33. Nb4 Rc4
34. Na2 b4 35. Nc1 Nh5 36. Nb3 Nf4 37. Nd4 Rxd4 38. Rxd4 Ne2+ 0-1

[Event "Guernsey International Holiday 2014"]
[Site "Guernsey, GCI"]
[Date "2014.10.20"]
[Round "2"]
[White "Van Hoek, Wim"]
[Black "Rowe, Oliver"]
[Result "1-0"]
[WhiteElo "1720"]
[BlackElo "1466"]
[PlyCount "46"]
[EventDate "2014.10.19"]
[EventType "swiss"]
[EventRounds "7"]
[SourceDate "2015.01.07"]

1. e3 d5 2. f4 Nc6 3. Nf3 Nf6 4. d3 Bg4 5. Be2 Bxf3 6. Bxf3 e5 7. fxe5 Nxe5 8.
O-O Bd6 9. Nc3 c6 10. e4 d4 11. Nb1 h5 12. Bg5 Nxf3+ 13. Qxf3 Bxh2+ 14. Kh1 Be5
15. Nd2 b5 16. Qf5 Qc7 17. Nf3 Ng4 18. Nxe5 Nxe5 19. Bf4 f6 20. Bxe5 fxe5 21.
Qg6+ Kd8 22. Rf7 Rh6 23. Qxg7 Rh8 1-0

[Event "Guernsey International Holiday 2014"]
[Site "Guernsey, GCI"]
[Date "2014.10.20"]
[Round "2"]
[White "Beadle, John"]
[Black "Zonneveld, Jos"]
[Result "1/2-1/2"]
[WhiteElo "1690"]
[BlackElo "1528"]
[PlyCount "59"]
[EventDate "2014.10.19"]
[EventType "swiss"]
[EventRounds "7"]
[SourceDate "2015.01.07"]

1. e4 c5 2. Nf3 Nc6 3. d4 cxd4 4. Nxd4 d6 5. c4 e5 6. Nb5 Nf6 7. N1c3 a6 8. Na3
Be7 9. Nc2 O-O 10. Be2 b6 11. Ne3 Nd4 12. Ned5 Bb7 13. Be3 Nxd5 14. Nxd5 Bxd5
15. cxd5 Bf6 16. Bxd4 exd4 17. Qd3 b5 18. Rc1 Qa5+ 19. Qd2 Qxd2+ 20. Kxd2 Bg5+
21. Kd3 Bxc1 22. Rxc1 Rfc8 23. Re1 f6 24. Bg4 Rc7 25. f4 Re8 26. Be6+ Kf8 27.
e5 Ke7 28. Bf5 g6 29. exd6+ Kxd6 30. Rxe8 1/2-1/2

[Event "Guernsey International Holiday 2014"]
[Site "Guernsey, GCI"]
[Date "2014.10.20"]
[Round "2"]
[White "Kay, Robert"]
[Black "Gstalter, Herbert"]
[Result "0-1"]
[WhiteElo "1555"]
[BlackElo "1651"]
[PlyCount "126"]
[EventDate "2014.10.19"]
[EventType "swiss"]
[EventRounds "7"]
[SourceDate "2015.01.07"]

1. d4 Nf6 2. c4 e6 3. Nf3 b6 4. Bg5 Be7 5. Nc3 Bb7 6. e3 Ne4 7. Bxe7 Qxe7 8.
Nxe4 Bxe4 9. a3 a5 10. Nd2 Bg6 11. Be2 a4 12. Nf3 d6 13. O-O O-O 14. Rc1 Nd7
15. Re1 Ra5 16. Qd2 Rd8 17. Qc3 e5 18. dxe5 dxe5 19. Red1 e4 20. Nd4 Ne5 21.
Rd2 h6 22. Rcd1 Rc5 23. b4 axb3 24. Nxb3 Rxd2 25. Rxd2 Rc6 26. Rd5 Nd7 27. Nd4
Rc5 28. Rxc5 Qxc5 29. Qb4 Kf8 30. Nb5 Qxb4 31. axb4 c6 32. Na7 c5 33. b5 Ke7
34. h4 f5 35. g4 Kf6 36. Kg2 fxg4 37. Bxg4 Ne5 38. Be2 Bf7 39. Nc8 Bxc4 40.
Bxc4 Nxc4 41. Kg3 Ke5 42. Kg4 Nd6 43. Nxb6 c4 44. Nxc4+ Nxc4 45. Kh5 Kf6 46.
Kg4 g5 47. Kg3 Kf5 48. hxg5 Kxg5 49. f4+ Kf5 50. Kh4 Kg6 51. Kg3 Kh5 52. Kh3
Nb6 53. Kg3 Nc8 54. Kh3 Kg6 55. Kg4 h5+ 56. Kg3 Nb6 57. Kh4 Nc4 58. Kh3 Kh6 59.
Kg3 Kg6 60. Kh4 Nxe3 61. b6 Nf5+ 62. Kh3 Nd6 63. Kg3 Kf5 0-1

[Event "Guernsey International Holiday 2014"]
[Site "Guernsey, GCI"]
[Date "2014.10.20"]
[Round "2"]
[White "Glover, John"]
[Black "Van Beek, Ronald"]
[Result "1-0"]
[WhiteElo "1735"]
[BlackElo "1290"]
[PlyCount "69"]
[EventDate "2014.10.19"]
[EventType "swiss"]
[EventRounds "7"]
[SourceDate "2015.01.07"]

1. Nf3 d5 2. c4 Nf6 3. cxd5 Nxd5 4. d4 Nf6 5. Nc3 e6 6. e4 Bb4 7. Bd3 h6 8. h3
Nc6 9. Be3 b6 10. O-O Bb7 11. Bc2 Qd7 12. a3 Bxc3 13. bxc3 O-O-O 14. Nd2 g5 15.
f3 Ne7 16. Nc4 Nc6 17. Ba4 Qe7 18. Bxc6 Bxc6 19. Ne5 Bb7 20. Qa4 a5 21. Nc6
Bxc6 22. Qxc6 Kb8 23. Qb5 Ka7 24. Rfb1 Nd7 25. c4 Rb8 26. c5 Qe8 27. Rb2 Qc8
28. Rc1 Rd8 29. cxb6+ Nxb6 30. Qxa5+ Qa6 31. Rxc7+ Rb7 32. Qc5 Kb8 33. Rxb7+
Kxb7 34. d5 Rc8 35. Rxb6+ 1-0

[Event "Guernsey International Holiday 2014"]
[Site "Guernsey, GCI"]
[Date "2014.10.20"]
[Round "2"]
[White "Harnden, Terry"]
[Black "Foster, Paul"]
[Result "0-1"]
[WhiteElo "1496"]
[BlackElo "1690"]
[PlyCount "74"]
[EventDate "2014.10.19"]
[EventType "swiss"]
[EventRounds "7"]
[SourceDate "2015.01.07"]

1. e4 d5 2. exd5 Qxd5 3. Nc3 Qd6 4. Nf3 Nf6 5. Bc4 c6 6. O-O Bg4 7. Be2 Nbd7 8.
d3 e6 9. Bg5 Qc7 10. Bh4 Bd6 11. Bxf6 gxf6 12. g3 f5 13. Nh4 Bxe2 14. Nxe2
O-O-O 15. Qd2 h5 16. f4 Nf6 17. Kh1 Rhg8 18. Rg1 Bc5 19. Rgf1 Bb6 20. Ng1 c5
21. c4 Qc6+ 22. Ngf3 Bc7 23. Kg1 Ne4 24. Qe3 Nxg3 25. hxg3 Rxg3+ 26. Kf2 Rg4
27. Ng2 h4 28. Ngxh4 Bxf4 29. Qe2 Bg3+ 30. Ke3 Bxh4 31. Ne5 Bg5+ 32. Kf2 Rg2+
33. Ke1 Rxe2+ 34. Kxe2 Qd6 35. Nxf7 Qxd3+ 36. Kf2 Qe3+ 37. Kg2 Rd2+ 0-1

[Event "Guernsey International Holiday 2014"]
[Site "Guernsey, GCI"]
[Date "2014.10.20"]
[Round "2"]
[White "Bakkes, Frits"]
[Black "Svenneling, Matz"]
[Result "1-0"]
[WhiteElo "1630"]
[BlackElo "1504"]
[PlyCount "61"]
[EventDate "2014.10.19"]
[EventType "swiss"]
[EventRounds "7"]
[SourceDate "2015.01.07"]

1. e4 e6 2. d4 d5 3. Nc3 Nf6 4. e5 Nfd7 5. f4 c5 6. Be3 Nc6 7. Nf3 Qb6 8. Nb5
c4 9. Nc3 Qxb2 10. Bd2 Nb4 11. Rb1 Qa3 12. Nb5 Qa5 13. Nd6+ Bxd6 14. exd6 Nxc2+
15. Qxc2 Qa3 16. Be2 Qxd6 17. O-O a5 18. Ne5 Nf6 19. Qa4+ Ke7 20. Bb4 axb4 21.
Qxa8 Qb6 22. Nf3 Ne4 23. Rfe1 Rd8 24. Qa4 Nc3 25. Qxb4+ Qxb4 26. Rxb4 Nxa2 27.
Ra4 Nc3 28. Ra8 b5 29. Ne5 Bb7 30. Ra7 Ra8 31. Rxb7+ 1-0

[Event "Guernsey International Holiday 2014"]
[Site "Guernsey, GCI"]
[Date "2014.10.20"]
[Round "2"]
[White "Kok, Franciscus"]
[Black "Finch, Russell"]
[Result "0-1"]
[WhiteElo "1514"]
[BlackElo "1613"]
[PlyCount "54"]
[EventDate "2014.10.19"]
[EventType "swiss"]
[EventRounds "7"]
[SourceDate "2015.01.07"]

1. d4 Nf6 2. c4 g6 3. Nc3 Bg7 4. e4 d6 5. Be2 O-O 6. Bg5 Nbd7 7. Qd2 e5 8. Bh6
exd4 9. Bxg7 dxc3 10. Qxc3 Kxg7 11. f3 Kg8 12. Bd3 Qe7 13. Ne2 Re8 14. O-O-O
Nc5 15. Bc2 a5 16. a4 Bd7 17. b3 b6 18. h3 Qe5 19. Qe3 c6 20. g4 b5 21. Nf4
bxa4 22. bxa4 Rab8 23. h4 Nxa4 24. Nd3 Qc3 25. h5 Rb3 26. hxg6 fxg6 27. Qh6
Reb8 0-1

[Event "Guernsey International Holiday 2014"]
[Site "Guernsey, GCI"]
[Date "2014.10.20"]
[Round "2"]
[White "Borland, Tom"]
[Black "Newrick, William R"]
[Result "1/2-1/2"]
[WhiteElo "1597"]
[BlackElo "1383"]
[PlyCount "48"]
[EventDate "2014.10.19"]
[EventType "swiss"]
[EventRounds "7"]
[SourceDate "2015.01.07"]

1. d4 d5 2. c4 Nf6 3. cxd5 Nxd5 4. Nf3 Nc6 5. e4 Nf6 6. Nc3 Bg4 7. d5 Bxf3 8.
gxf3 Ne5 9. f4 Ng6 10. Be3 e5 11. f5 Nf4 12. Qa4+ Nd7 13. Bxf4 exf4 14. e5 Qe7
15. e6 fxe6 16. fxe6 O-O-O 17. O-O-O Nb6 18. Qxf4 Qc5 19. Qd4 Rxd5 20. Qxc5
Rxc5 21. Bh3 Be7 22. Rd3 Na4 23. Kb1 Nxc3+ 24. Rxc3 Rxc3 1/2-1/2

[Event "Guernsey International Holiday 2014"]
[Site "Guernsey, GCI"]
[Date "2014.10.20"]
[Round "2"]
[White "Jones, Tim"]
[Black "Le Messurier, Rosemary"]
[Result "1-0"]
[WhiteElo "1518"]
[BlackElo "1210"]
[PlyCount "75"]
[EventDate "2014.10.19"]
[EventType "swiss"]
[EventRounds "7"]
[SourceDate "2015.01.07"]

1. e4 e5 2. Nf3 Nc6 3. Bb5 a6 4. Ba4 Nf6 5. O-O Bc5 6. d3 b5 7. Bb3 d5 8. exd5
Nxd5 9. h3 h6 10. Nbd2 Be6 11. Ne4 Bd6 12. c3 Nf4 13. Bxe6 Nxe6 14. g3 Qe7 15.
Be3 O-O-O 16. b4 h5 17. Qd2 f6 18. a4 Kb7 19. Nh4 Qf7 20. Nf5 g6 21. Nfxd6+
cxd6 22. Qa2 Qe7 23. axb5 axb5 24. Qa6+ Kc7 25. Bb6+ Kd7 26. Bxd8 Rxd8 27. Qxb5
Rb8 28. Qd5 f5 29. b5 Rb6 30. bxc6+ Rxc6 31. Ra7+ Rc7 32. Qb5+ Kd8 33. Ra8+ Rc8
34. Rxc8+ Kxc8 35. Qc6+ Qc7 36. Nxd6+ Kb8 37. Qxc7+ Kxc7 38. Nc4 1-0

[Event "Guernsey International Holiday 2014"]
[Site "Guernsey, GCI"]
[Date "2014.10.20"]
[Round "2"]
[White "Brown, Jim"]
[Black "Goman, Colin"]
[Result "0-1"]
[WhiteElo "1195"]
[BlackElo "1516"]
[PlyCount "54"]
[EventDate "2014.10.19"]
[EventType "swiss"]
[EventRounds "7"]
[SourceDate "2015.01.07"]

1. Nf3 Nf6 2. d4 d6 3. e3 e6 4. Nbd2 Be7 5. Be2 b6 6. b3 Bb7 7. Bb2 Nbd7 8. h3
c6 9. O-O c5 10. Rc1 O-O 11. c4 d5 12. Re1 Rc8 13. a3 cxd4 14. exd4 dxc4 15.
Bxc4 Nd5 16. Be2 N7f6 17. Rxc8 Qxc8 18. Qc1 Qb8 19. Qb1 Nf4 20. Bf1 Rc8 21. g3
Ng6 22. Rc1 Rd8 23. b4 Bd6 24. Re1 Bxg3 25. fxg3 Qxg3+ 26. Bg2 Nf4 27. Nf1
Qxg2# 0-1

[Event "Guernsey International Holiday 2014"]
[Site "Guernsey, GCI"]
[Date "2014.10.21"]
[Round "3"]
[White "Kemperink, Han"]
[Black "Stuart, Brian"]
[Result "1/2-1/2"]
[WhiteElo "1651"]
[BlackElo "1735"]
[PlyCount "120"]
[EventDate "2014.10.19"]
[EventType "swiss"]
[EventRounds "7"]
[SourceDate "2015.01.07"]

1. e4 c5 2. Nc3 Nc6 3. f4 e6 4. Nf3 d6 5. Bc4 Nf6 6. d3 Be7 7. a3 O-O 8. O-O a6
9. Ba2 b5 10. Bd2 d5 11. Ne5 Qd6 12. Nxf7 Rxf7 13. e5 Qd8 14. exf6 Rxf6 15. f5
c4 16. dxc4 bxc4 17. b3 Kh8 18. bxc4 dxc4 19. Be3 exf5 20. Qxd8+ Bxd8 21. Bxc4
Na5 22. Bd5 Bb7 23. Bxb7 Nxb7 24. Nd5 Re6 25. Bd4 Nd6 26. Rae1 Rxe1 27. Rxe1
Ne4 28. c3 Kg8 29. g4 g6 30. gxf5 gxf5 31. Re2 Kf7 32. Rg2 Bf6 33. Nxf6 Nxf6
34. Rb2 Nd7 35. a4 Rb8 36. Rxb8 Nxb8 37. a5 Nc6 38. Bb6 Ke6 39. Kf2 Kd5 40. Ke3
Ne5 41. Kf4 Ke6 42. h4 Ng6+ 43. Kg5 Ne5 44. h5 Nf7+ 45. Kf4 Ne5 46. Bc7 Nf7 47.
c4 Kd7 48. Bb6 Ke6 49. Bd4 Nd6 50. c5 Nb7 51. c6 Nxa5 52. c7 Kd7 53. c8=Q+ Kxc8
54. Kxf5 Nc6 55. Bb6 Kd7 56. Kf6 Ke8 57. Kg7 Ne7 58. Kxh7 Kf7 59. Kh6 Kg8 60.
Kg5 Kh7 1/2-1/2

[Event "Guernsey International Holiday 2014"]
[Site "Guernsey, GCI"]
[Date "2014.10.21"]
[Round "3"]
[White "Day, Fred"]
[Black "Baart, Edwin"]
[Result "1/2-1/2"]
[WhiteElo "1420"]
[BlackElo "1681"]
[PlyCount "70"]
[EventDate "2014.10.19"]
[EventType "swiss"]
[EventRounds "7"]
[SourceDate "2015.01.07"]

1. c4 g6 2. Nc3 Bg7 3. g3 e5 4. Bg2 Ne7 5. d3 Nbc6 6. e4 d6 7. Nge2 f5 8. exf5
Bxf5 9. a3 Rb8 10. O-O O-O 11. Nd5 Kh8 12. Nec3 Qd7 13. Ne3 Bh3 14. Ne4 Bxg2
15. Nxg2 Nd4 16. f3 h6 17. b4 Rf7 18. Ra2 Rbf8 19. f4 exf4 20. Rxf4 g5 21. Rxf7
Rxf7 22. Rf2 Rxf2 23. Nxf2 Qe6 24. Ne4 Qf5 25. Kh1 Ng6 26. Ne3 Qf3+ 27. Qxf3
Nxf3 28. Nf5 Nge5 29. Bb2 Ne1 30. Nxg7 Kxg7 31. Bxe5+ dxe5 32. Nf2 Nc2 33. Kg2
h5 34. Kf3 Kf6 35. h3 Nxa3 1/2-1/2

[Event "Guernsey International Holiday 2014"]
[Site "Guernsey, GCI"]
[Date "2014.10.21"]
[Round "3"]
[White "Hoogakker, Peter"]
[Black "Ruigrok, Jacques"]
[Result "1/2-1/2"]
[WhiteElo "1757"]
[BlackElo "1704"]
[PlyCount "53"]
[EventDate "2014.10.19"]
[EventType "swiss"]
[EventRounds "7"]
[SourceDate "2015.01.07"]

1. e4 e5 2. Bc4 Nf6 3. d3 Nc6 4. Nf3 Be7 5. O-O O-O 6. Re1 d6 7. c3 Na5 8. Bb5
a6 9. Ba4 b5 10. Bc2 Nc6 11. Nbd2 Re8 12. Nf1 Bg4 13. Ng3 Bf8 14. h3 Bd7 15. d4
g6 16. Bg5 h6 17. Be3 Bg7 18. Qd2 Kh7 19. Nh2 Rb8 20. b4 Qe7 21. d5 Nd8 22. a4
bxa4 23. Bxa4 Bb5 24. Bxb5 axb5 25. Red1 Qd7 26. Ra6 Bf8 27. Rda1 1/2-1/2

[Event "Guernsey International Holiday 2014"]
[Site "Guernsey, GCI"]
[Date "2014.10.21"]
[Round "3"]
[White "Gstalter, Herbert"]
[Black "Savident, David B"]
[Result "1/2-1/2"]
[WhiteElo "1651"]
[BlackElo "1734"]
[PlyCount "79"]
[EventDate "2014.10.19"]
[EventType "swiss"]
[EventRounds "7"]
[SourceDate "2015.01.07"]

1. d4 d5 2. c4 e6 3. Nc3 Nf6 4. Bg5 Be7 5. cxd5 Nxd5 6. Bxe7 Qxe7 7. Nf3 b6 8.
e3 O-O 9. Be2 Bb7 10. O-O Nd7 11. Rc1 c5 12. Qa4 cxd4 13. Nxd5 Bxd5 14. Rc7 Nc5
15. Rxe7 Nxa4 16. b3 Nc3 17. Nxd4 Nxe2+ 18. Nxe2 Rfc8 19. Rd7 Kf8 20. Nf4 Ke8
21. Rxd5 exd5 22. Nxd5 Rc5 23. e4 Rac8 24. Ne3 Rc1 25. g3 Rxf1+ 26. Kxf1 Rc1+
27. Kg2 Ra1 28. a4 Rb1 29. Nf5 Kf8 30. Nd4 Ke8 31. Kf3 Kd7 32. e5 g6 33. Ke4
Re1+ 34. Kd5 Rd1 35. f4 h5 36. Ke4 Re1+ 37. Kd5 Rd1 38. Ke4 Re1+ 39. Kd5 Rd1
40. Ke4 1/2-1/2

[Event "Guernsey International Holiday 2014"]
[Site "Guernsey, GCI"]
[Date "2014.10.21"]
[Round "3"]
[White "Kirk, Matthew"]
[Black "Van Hoek, Wim"]
[Result "1/2-1/2"]
[WhiteElo "1726"]
[BlackElo "1720"]
[PlyCount "33"]
[EventDate "2014.10.19"]
[EventType "swiss"]
[EventRounds "7"]
[SourceDate "2015.01.07"]

1. d4 d5 2. c4 e6 3. Nc3 f5 4. Nf3 Nf6 5. Bf4 Bd6 6. e3 O-O 7. Bd3 Bxf4 8. exf4
dxc4 9. Bxc4 Nd5 10. g3 c6 11. O-O Nd7 12. Re1 N7f6 13. Ne5 Qd6 14. Bb3 b5 15.
Rc1 Bb7 16. Qe2 Rfe8 17. Nd3 1/2-1/2

[Event "Guernsey International Holiday 2014"]
[Site "Guernsey, GCI"]
[Date "2014.10.21"]
[Round "3"]
[White "Spanjersberg, Hans"]
[Black "Beadle, John"]
[Result "1/2-1/2"]
[WhiteElo "1648"]
[BlackElo "1690"]
[PlyCount "69"]
[EventDate "2014.10.19"]
[EventType "swiss"]
[EventRounds "7"]
[SourceDate "2015.01.07"]

1. f4 Nf6 2. Nf3 g6 3. b3 Bg7 4. Bb2 O-O 5. e3 c5 6. Be2 d6 7. O-O a6 8. a4 Nc6
9. Qc1 Bf5 10. d3 b5 11. e4 Bg4 12. h3 Bd7 13. axb5 axb5 14. Nc3 Qb6 15. Nd5
Nxd5 16. Bxg7 Nxf4 17. Qxf4 Kxg7 18. Rxa8 Rxa8 19. Ng5 Ne5 20. Qh4 h6 21. Nxf7
Nxf7 22. Qxe7 Be8 23. Qf6+ Kh7 24. Qe7 Qa7 25. Qf8 Ne5 26. Qxd6 c4+ 27. Kh1
cxd3 28. cxd3 Qg7 29. d4 Nf7 30. Qc5 Rd8 31. Qe7 Qxd4 32. Bxb5 Qd6 33. Rxf7+
Bxf7 34. Qxf7+ Kh8 35. Bc4 1/2-1/2

[Event "Guernsey International Holiday 2014"]
[Site "Guernsey, GCI"]
[Date "2014.10.21"]
[Round "3"]
[White "Kershaw, Graham J"]
[Black "Collins, Alan"]
[Result "1-0"]
[WhiteElo "1773"]
[BlackElo "1645"]
[PlyCount "73"]
[EventDate "2014.10.19"]
[EventType "swiss"]
[EventRounds "7"]
[SourceDate "2015.01.07"]

1. e4 d6 2. d4 Nf6 3. Nc3 c6 4. Nf3 Bg4 5. Be2 e6 6. O-O Be7 7. Be3 d5 8. e5
Nfd7 9. Nd2 Bxe2 10. Nxe2 c5 11. c3 Nc6 12. f4 g6 13. Nf3 Qb6 14. Qd2 cxd4 15.
Nexd4 Nxd4 16. Nxd4 Bc5 17. b4 Bxd4 18. Bxd4 Qc7 19. a4 Nb6 20. Qf2 Nc4 21. a5
a6 22. g4 Qd7 23. Kh1 h5 24. f5 O-O-O 25. Rfb1 hxg4 26. b5 Rh3 27. bxa6 bxa6
28. Bb6 Nxb6 29. Qxb6 Qc7 30. Qxa6+ Kd7 31. Rb7 Rxc3 32. Rxc7+ Rxc7 33. fxe6+
fxe6 34. Qd6+ Kc8 35. Qxe6+ Rdd7 36. Rf1 Kb8 37. Rf8+ 1-0

[Event "Guernsey International Holiday 2014"]
[Site "Guernsey, GCI"]
[Date "2014.10.21"]
[Round "3"]
[White "Foster, Paul"]
[Black "Glover, John"]
[Result "0-1"]
[WhiteElo "1690"]
[BlackElo "1735"]
[PlyCount "72"]
[EventDate "2014.10.19"]
[EventType "swiss"]
[EventRounds "7"]
[SourceDate "2015.01.07"]

1. e4 d5 2. exd5 Qxd5 3. Nc3 Qd6 4. Bc4 Nf6 5. Nf3 a6 6. d4 e6 7. O-O Be7 8.
Ne5 Nc6 9. Nxc6 Qxc6 10. Bd3 Qd7 11. Be3 b5 12. f4 Bb7 13. f5 Qc6 14. Qf3 Qxf3
15. gxf3 Nd5 16. Nxd5 Bxd5 17. fxe6 fxe6 18. Bf4 c5 19. dxc5 Bxc5+ 20. Kg2 O-O
21. Be5 Rf7 22. Be4 Rd8 23. Bxd5 Rxd5 24. Bc3 b4 25. Be1 Rg5+ 26. Bg3 Rd5 27.
Rad1 Rfd7 28. Rxd5 Rxd5 29. Bf4 Kf7 30. Re1 Kf6 31. Bc1 a5 32. b3 g6 33. f4 Kf5
34. Kf3 Bd6 35. Re4 Rd1 36. Be3 Rf1+ 0-1

[Event "Guernsey International Holiday 2014"]
[Site "Guernsey, GCI"]
[Date "2014.10.21"]
[Round "3"]
[White "Norman, Dinah M"]
[Black "Bakkes, Frits"]
[Result "1/2-1/2"]
[WhiteElo "1735"]
[BlackElo "1630"]
[PlyCount "28"]
[EventDate "2014.10.19"]
[EventType "swiss"]
[EventRounds "7"]
[SourceDate "2015.01.07"]

1. d4 d5 2. Nf3 Nf6 3. e3 e6 4. Bd3 c5 5. c3 Bd7 6. Nbd2 Bc6 7. Ne5 Bd6 8. f4
cxd4 9. exd4 h5 10. Ndf3 Ne4 11. Be3 Nd7 12. Nxd7 Bxd7 13. O-O h4 14. Ne5 Qb6
1/2-1/2

[Event "Guernsey International Holiday 2014"]
[Site "Guernsey, GCI"]
[Date "2014.10.21"]
[Round "3"]
[White "Watson, Jim"]
[Black "Finch, Russell"]
[Result "0-1"]
[WhiteElo "1735"]
[BlackElo "1613"]
[PlyCount "68"]
[EventDate "2014.10.19"]
[EventType "swiss"]
[EventRounds "7"]
[SourceDate "2015.01.07"]

1. d4 Nf6 2. Nc3 g6 3. e4 d6 4. Bc4 Bg7 5. Nge2 O-O 6. O-O Nc6 7. Bg5 a6 8. a4
b6 9. f4 Bb7 10. f5 Na5 11. Bd3 c5 12. b3 cxd4 13. Nxd4 Qc7 14. Qe1 Nxe4 15.
Nxe4 Bxd4+ 16. Kh1 Bxa1 17. Qxa1 f6 18. Bh6 Rf7 19. fxg6 hxg6 20. Ng5 fxg5 21.
Rxf7 Kxf7 22. Qg7+ Ke6 23. Qxg6+ Kd7 24. Bf5+ Kc6 25. Be4+ Kd7 26. Qf5+ e6 27.
Qf7+ Kc8 28. Bxb7+ Kxb7 29. Qf3+ Ka7 30. Bxg5 Rc8 31. c4 Qh7 32. h4 Qf5 33. Qd1
Nb7 34. Qe1 Nc5 0-1